| 000 | 01825nam a2200481 i 4500 | ||
|---|---|---|---|
| 001 | DIGEAFIT0021 | ||
| 003 | NyNyDIG | ||
| 006 | m o d | ||
| 008 | 210720s2014 ck ob 000 0 spa d | ||
| 007 | cr ||||||||||| | ||
| 035 | _a(OCoLC)1260705911 | ||
| 040 |
_aDGITA _beng _erda _epn _cDGITA |
||
| 020 |
_a9789587202441 _qeBook |
||
| 020 |
_a9587202449 _qeBook |
||
| 020 | _z9789587202434 | ||
| 020 | _z9587202430 | ||
| 043 | _as-ck--- | ||
| 050 | 1 | 4 | _aHG5352 ebook |
| 082 | 0 | 4 | _a332.609861 |
| 100 | 1 |
_aAgudelo, Diego A. _q(Diego Alonso), _eauthor. |
|
| 245 | 1 | 0 |
_aInversiones en renta variable : _bfundamentos y aplicaciones al mercado accionario colombiano / _cDiego A. Agudelo R. |
| 264 | 1 |
_aMedellín : _bFondo Editorial Universidad EAFIT, _c[2014] |
|
| 300 | _a1 online resource. | ||
| 336 |
_atext _btxt _2rdacontent |
||
| 337 |
_acomputer _bc _2rdamedia |
||
| 338 |
_aonline resource _bcr _2rdacarrier |
||
| 347 |
_atext file _2rdaft |
||
| 347 | _bEPUB | ||
| 504 | _aIncludes bibliographical references. | ||
| 588 | 0 | _aOnline resource; title from ePub title page (Digitalia, viewed July 20, 2021) | |
| 650 | 0 |
_aInvestments _zColombia. |
|
| 650 | 0 |
_aStock exchanges _zColombia. |
|
| 650 | 0 |
_aCapital market _zColombia. |
|
| 650 | 0 |
_aInvestment analysis _zColombia. |
|
| 655 | 0 | _aElectronic books. | |
| 791 | 2 |
_aDigitalia (Firm), _edistributor. |
|
| 793 | 0 |
_gDigitalia eBook Collection: _aEditorial EAFIT |
|
| 776 | 0 | 8 |
_iPrint version: _aAgudelo, Diego A. (Diego Alonso). _tInversiones en renta variable. _bPrimera edición. _dMedellín : Fondo Editorial Universidad EAFIT, 2014 _z9789587202434 |
| 830 | 0 | _aColección Académica (Medellín, Colombia) | |
| 856 | 4 | 0 |
_3Digitalia Hispánica _uhttps://www.digitaliapublishing.com/a/67661/ |
| 910 | _aPremium collection: 2021 | ||
| 942 | _cRAA | ||
| 999 |
_c261939 _d261939 |
||